| 000 | 00466nam a2200181Ia 4500 | ||
|---|---|---|---|
| 008 | 180207s9999 xx 000 0 und d | ||
| 020 | _a9780590937082 | ||
| 050 | _bE532 1997 | ||
| 100 | _aEmberley, Ed. | ||
| 245 | _aGlad monster, sad monster : | ||
| 245 | _ba book about feelings / | ||
| 245 | _cEd Emberley and Anne Miranda. | ||
| 260 | _aNew York : | ||
| 260 | _bScholastic, | ||
| 260 | _c1997 | ||
| 300 | _aunpaged : | ||
| 300 | _bcolor illustration ; | ||
| 999 |
_c355094 _d355094 |
||